000 00539nam a22001697a 4500
999 _c12090
_d12090
008 190116b ||||| |||| 00| 0 eng d
020 _a971-542-291-8
082 _22001
_aDFil 899.211
_bP53
245 _aThe T'boli creation myth /
_cDamiana L. Eugenio (Compiler and Editor)
260 _aQuezon City:
_bUP Press,
_c2001
300 _aPages 96-98;
_c23 cm.
500 _aPhilippine Folk Literature
650 _aMythology
_934284
650 _aLegends
_934285
650 _aPhilippine folk literature (Englsih)
_934286
942 _2ddc
_cDFIL